00368pab a2200133 454500008004000000100002600040245005900066260000900125300001100134362000900145650002200154700002000176773003800196180718b1987 xxu||||| |||| 00| 0 eng d aHawthorne, Michael R. aThe individual political economy of Federal tax policy c1987 a757-74 aSep. aTaxation - U.S.A. aJohn E. Jackson aAmerican Political Science Review